000 00310pam a2200133a 44500
008 230405s2017 xxu||||| |||| 00| 0 eng d
041 _aENG
100 _aZerox copy
245 _aBryophyta
260 _aDelhi
_bNew Age international (p) Ltd.
_c2017
300 _a146p.
440 _aRs 109
906 _a17925
999 _c308423
_d308423